2025-2026 Seattle Seahawks Roster - Statistics

General Stats
  • This quiz has been taken 559 times
  • The average score is 26 of 51
Answer Stats
Position Name % Correct
Quarterback Sam Darnold
99%
Wide Receiver Jaxon Smith-Njigba
95%
Running Back Kenneth Walker III
95%
Running Back Zach Charbonnet
93%
Wide Receiver Cooper Kupp
89%
Quarterback Drew Lock
88%
Tight End A.J. Barner
82%
Cornerback Devon Witherspoon
81%
Quarterback Jalen Milroe
79%
Wide Receiver Rashid Shaheed
78%
Cornerback Riq Woolen
75%
Placekicker Jason Myers
73%
Offensive Lineman Grey Zabel
69%
Wide Receiver Jake Bobo
69%
Defensive Lineman Leonard Williams
69%
Punter Michael Dickson
68%
Linebacker Ernest Jones IV
67%
Safety Nick Emmanwori
67%
Offensive Lineman Charles Cross
65%
Safety Julian Love
65%
Safety Coby Bryant
62%
Offensive Lineman Anthony Bradford
61%
Linebacker DeMarcus Lawrence
61%
Defensive Lineman Byron Murphy II
59%
Offensive Lineman Abraham Lucas
57%
Cornerback Josh Jobe
56%
Linebacker Drake Thomas
54%
Linebacker Boye Mafe
46%
Tight End Eric Saubert
46%
Linebacker Uchenna Nwosu
46%
Defensive Lineman Jarran Reed
45%
Fullback Robbie Ouzts
44%
Safety Ty Okada
44%
Wide Receiver Cody White
42%
Linebacker Tyrice Knight
38%
Fullback Brady Russell
35%
Wide Receiver Dareke Young
34%
Offensive Lineman Olu Oluwatimi
30%
Running Back Cam Akers
29%
Defensive Lineman Rylie Mills
28%
Defensive Lineman Brandon Pili
24%
Cornerback Nehemiah Pritchett
24%
Long Snapper Chris Stoll
21%
Tight End Nick Kallerup
19%
Offensive Lineman Christian Haynes
18%
Defensive Lineman Mike Morris
13%
Offensive Lineman Bryce Cabeldue
10%
Linebacker Connor O’Toole
10%
Offensive Lineman Jalen Sundall
9%
Offensive Lineman Mason Richman
9%
Linebacker Jared Ivey
8%
No matching quizzes found
Score Distribution
Percent of People with Each Score
Percentile by Number Answered
Your Score History
You have not taken this quiz